| 000 | 00746nam a2200217 a 4500 | ||
|---|---|---|---|
| 005 | 20231114063539.0 | ||
| 008 | 991125s1974 mx 000 0 spa u | ||
| 020 | _a9686406093 | ||
| 035 | _aUPN01000009994 | ||
| 049 | _aC | ||
| 050 | 4 |
_aF1226 _bR59 1974 v.2 |
|
| 100 | 1 |
_aRiva Palacio, Vicente, _d1832-1896 |
|
| 245 | 1 | 0 |
_aCompendio general de México a través de los siglos : _bhistoria general... / _cVicente Riva Palacio. |
| 250 | _a2a ed. | ||
| 260 |
_aMéxico : _bValle de México, _c1974. |
||
| 300 |
_axv, 638 p. : _bil. |
||
| 500 | _a"Obra única en su género" | ||
| 500 | _a"Publicada bajo la dirección del General Don Vicente Riva Palacio" | ||
| 651 | 4 |
_aMéxico _xHistoria _yDominación española, 1517-1821 _9227 |
|
| 905 | _aLibro | ||
| 999 |
_c9994 _d9994 |
||